000 00414nam a2200157Ia 4500
008 230312s9999||||xx |||||||||||||| ||und||
020 _a0-85292-169-0
082 _a658.314
_bHAN
100 _aFrances Neale
245 0 _aPerformance Management
260 _bBritish Library
_aLondon
_c1991
300 _a158
546 _aEng.
650 _aManagement
_vStrategy and Objectives Stephen Williams
942 _cBK
999 _c580
_d580